Practical polymerization for polystyrene (Record no. 28276)

MARC details
000 -LEADER
fixed length control field 00292nam a2200109Ia 4500
082 ## - DEWEY DECIMAL CLASSIFICATION NUMBER
Classification number 678.54
Item number BIS
100 ## - MAIN ENTRY--AUTHOR NAME
Personal name Bishop, Richard B
245 #0 - TITLE STATEMENT
Title Practical polymerization for polystyrene
260 ## - PUBLICATION, DISTRIBUTION, ETC. (IMPRINT)
Place of publication Massachusetts
Name of publisher Catiners
Year of publication 1971
942 ## - ADDED ENTRY ELEMENTS (KOHA)
Koha item type Books
Holdings
Withdrawn status Lost status Damaged status Not for loan Home library Current library Date acquired Cost, normal purchase price Full call number Accession Number Koha item type
        RRII Library RRII Library 16/12/2021 12.75 678.54 BIS 08882 Books